Rich Mullins nechcel byť hviezdou, ale sluhom

Bibliographic Details
Main Author: Látečka, Juraj (Author)
Format: Article
Language:Slovak
Subjects:

MARC

LEADER 00000nab a2200000 a 4500
001 vtls000791120
003 SK-MaSNL
005 20260302160033.0
008 160321c2002 xo 0 slo
015 |a SNBRB2002/04-12615 
035 |a CLN000142775 
040 |a SNKBUCL  |b slo  |c SNKBUCL  |e AACR2 
041 0 |a slo 
044 |a xo  |c SK 
080 |a 78.071.2  |2 UDC-MRF-SK2 
080 |a 929 Mullins, Rich  |2 UDC-MRF-SK2 
100 1 |a Látečka, Juraj  |4 aut  |9 779331 
245 1 0 |a Rich Mullins nechcel byť hviezdou, ale sluhom  |c Juraj Látečka 
300 |b Obr. 
600 1 7 |a Mullins, Rich  |d 1955-1997  |2 snkbucl  |9 855491 
655 7 |a články z novín a časopisov  |2 snkbucl  |9 267496 
773 0 |x 0139-8512  |t Katolícke noviny  |g Roč. 117, č. 15 (2002), s. 19 
850 |a Slovenská národná knižnica v Martine 
852 |a SNK  |b KIS3GCP 
958 |a BC 
958 |a RBX 
999 |c 1373321  |d 1375251